| 000 | 00714cam a22002293a 4500 | ||
|---|---|---|---|
| 001 | 32586 | ||
| 003 | PGUSA | ||
| 005 | 20140828083715.0 | ||
| 008 | 100529s2010||||xxu|||||s|||||000 | eng d | ||
| 040 |
_aPGUSA _beng |
||
| 042 | _adc | ||
| 050 | 4 | _aPQ | |
| 100 | 1 |
_aCastelo Branco, Camilo, _d1825-1890 |
|
| 245 | 1 | 0 |
_aO condemnado, drama em tres actos e quatro quadros; : _bSeguido do drama em um acto, Como os anjos se vingam _h[electronic resource] / _cCamilo Castelo Branco |
| 260 |
_bProject Gutenberg, _c2010 |
||
| 506 | _aPublic domain in the USA. | ||
| 516 | _aElectronic text | ||
| 653 | _aDrama | ||
| 830 | 0 |
_aProject Gutenberg _v32586 |
|
| 856 | 4 | 0 | _uhttp://www.gutenberg.org/ebooks/32586 |
| 942 | _cEB | ||
| 999 |
_c261841 _d261841 |
||